<?xml version="1.0" encoding="UTF-8"?>
<record
    xmlns:xsi="http://www.w3.org/2001/XMLSchema-instance"
    xsi:schemaLocation="http://www.loc.gov/MARC21/slim http://www.loc.gov/standards/marcxml/schema/MARC21slim.xsd"
    xmlns="http://www.loc.gov/MARC21/slim">

  <leader>05365cam a22004454i 4500</leader>
  <controlfield tag="003">PE-LiUPU</controlfield>
  <controlfield tag="005">20250731173342.0</controlfield>
  <controlfield tag="008">150706s2007    sp      r     000 0 spa d</controlfield>
  <datafield tag="020" ind1=" " ind2=" ">
    <subfield code="a">9788481692426</subfield>
  </datafield>
  <datafield tag="035" ind1=" " ind2=" ">
    <subfield code="a">(Sirsi) i9788481692426</subfield>
  </datafield>
  <datafield tag="040" ind1=" " ind2=" ">
    <subfield code="a">PE-LiUPU</subfield>
    <subfield code="b">spa</subfield>
    <subfield code="c">PE-LiUPU</subfield>
    <subfield code="e">rda</subfield>
  </datafield>
  <datafield tag="049" ind1=" " ind2=" ">
    <subfield code="a">PRUA</subfield>
  </datafield>
  <datafield tag="082" ind1="0" ind2="4">
    <subfield code="a">220</subfield>
    <subfield code="b">BBB</subfield>
    <subfield code="2">21</subfield>
  </datafield>
  <datafield tag="100" ind1="1" ind2=" ">
    <subfield code="a">Loza Vera, Jos&#xE9;,</subfield>
    <subfield code="e">autor.</subfield>
  </datafield>
  <datafield tag="245" ind1="1" ind2="0">
    <subfield code="a">Introducci&#xF3;n al pentateuco G&#xE9;nesis /</subfield>
    <subfield code="c">Jos&#xE9; Loza Vera y Ra&#xFA;l Duarte Castillo.</subfield>
  </datafield>
  <datafield tag="264" ind1=" " ind2="1">
    <subfield code="a">Estella (Navarra) :</subfield>
    <subfield code="b">Verbo Divino,</subfield>
    <subfield code="c">2007.</subfield>
  </datafield>
  <datafield tag="300" ind1=" " ind2=" ">
    <subfield code="a">367 p&#xE1;ginas ;</subfield>
    <subfield code="c">21 cent&#xED;metros.</subfield>
  </datafield>
  <datafield tag="336" ind1=" " ind2=" ">
    <subfield code="a">text</subfield>
    <subfield code="2">rdacontent</subfield>
  </datafield>
  <datafield tag="337" ind1=" " ind2=" ">
    <subfield code="a">unmediated</subfield>
    <subfield code="2">rdamedia</subfield>
  </datafield>
  <datafield tag="338" ind1=" " ind2=" ">
    <subfield code="a">volume</subfield>
    <subfield code="2">rdacarrier</subfield>
  </datafield>
  <datafield tag="490" ind1="0" ind2=" ">
    <subfield code="a">Biblioteca B&#xED;blica B&#xE1;sica ;</subfield>
    <subfield code="v">3</subfield>
  </datafield>
  <datafield tag="505" ind1="0" ind2=" ">
    <subfield code="a">Introducci&#xF3;n al pentateuco -- Del conjunto de los libros -- De los libros en particular -- G&#xE9;nesis -- La prehistoria b&#xED;blica -- Los antepasados del pueblo -- Abrah&#xE1;n -- Isaac -- Jacob -- Jos&#xE9; y sus hermanos -- &#xC9;xodo -- Estancia en Egipto y &#xE9;xodo -- Caminata por el desierto -- Revelaci&#xF3;n en el Sina&#xED;: alianza y don de la ley -- Lev&#xED;tico -- N&#xFA;meros -- Deuteronomio -- Primer discurso de Mois&#xE9;s -- Segundo discurso de Mois&#xE9;s -- Tercer discurso de Mois&#xE9;s -- Ap&#xE9;ndices -- La problem&#xE1;tica literaria y sus consecuencias -- Breve historia de la interpretaci&#xF3;n -- La interpretaci&#xF3;n tradicional -- La Interpretaci&#xF3;n cr&#xED;tica moderna -- A partir del Renacimiento -- Las primeras hip&#xF3;tesis cr&#xED;ticas -- La nueva hip&#xF3;tesis documentaria -- Las fuentes -- La reuni&#xF3;n de las  fuentes -- Resumen de fuentes y redacciones -- Actitud de la Iglesia cat&#xF3;lica -- "Historia de la formas" y perspectivas literarias sobre los textos -- Los relatos -- Las leyes -- La situaci&#xF3;n actual -- Resultados y problemas no resueltos -- Sentido religioso de los textos -- Relatos sobre los or&#xED;genes -- Los antepasados y las promesas de Dios -- Mois&#xE9;s y los or&#xED;genes de Israel como pueblo de Yahv&#xE9; -- La ley y los conjuntos de leyes -- Aspectos generales -- Car&#xE1;cter religioso de la legislaci&#xF3;n -- Leyes variables conforme a la situaci&#xF3;n -- Leyes en relaci&#xF3;n con las de otros pueblos -- El dec&#xE1;logo -- Los c&#xF3;digos legislativos -- El c&#xF3;digo de la alianza -- El c&#xF3;digo deuteron&#xF3;mico -- El c&#xF3;digo sacerdotal -- Elecci&#xF3;n, promesa, alianza -- Elecci&#xF3;n y promesa -- Alianza -- Resumen -- Reinterpretaci&#xF3;n cristiana del mensaje del Pentateuco -- G&#xE9;nesis -- La historia primitiva -- La creaci&#xF3;n: 1,1-2.4 a -- Grandeza y limitaci&#xF3;n humana -- Ca&#xED;n: la violencia en la humanidad: 4.1-16 -- Origen dela cultura: 4,17-26 -- El hombre se expande: 5,1-32 -- Hijos de Dios e hijas de los hombres: 6,1-4 -- El diluvio: 6,5-9,17 -- El respeto a los que se van: 9,18-29 -- La tabla de las naciones: 10,1-32 -- La ambici&#xF3;n de la fama: 11,1-9 -- Genealog&#xED;a de Sem: 11,10-32 -- A manera de recapitulaci&#xF3;n -- El ciclo patriarcal. Abrah&#xE1;n 12,1-25,18 -- Introducci&#xF3;n: el ciclo patriarcal 12-50 -- Ciclo patriarcales -- La media luna creciente -- Tiempo -- La tradici&#xF3;n -- La narraci&#xF3;n -- &#xBF;Qu&#xE9; clase de historia? -- Comentario: el ciclo de Abrah&#xE1;n: 12,1-25,18 -- Vocaci&#xF3;n y promesa: 12,1-20 -- Ante una elecci&#xF3;n: 13,1-18 -- Abrah&#xE1;n guerrero: 14,1-24 -- Un hijo de ti: 15,1-21 -- La promesa empieza a ser realidad: 16,1-16 -- Alianza incondicionada: 17, 1-27 -- Una visita divina: 18-19 -- Sara en peligro: 20,1-18 -- Nacimiento de Isaac. Agar e Ismael. Abim&#xE9;lec: 21,1-33 -- Ofrecimiento de la esperanza: 22,1-24 -- Muerte de Sara: 23,1-20 -- Matrimonio de Isaac con Rebeca: 24,1-67 -- Muerte y descendencia de Abrah&#xE1;n: 25,1-18 -- Conclusi&#xF3;n -- El ciclo patriarcal, Jacob: 25,19-36,43 -- Introducci&#xF3;n: Jacob -- Comentario -- Descendencia de Isaac: 25,19-34 -- Vicisitudes de Isaac: 26,1-34 -- La bendici&#xF3;n robada: 27,1-46 -- Jacob peregrino: 28,1-9 -- Jacob en Betel: 28:10-21 -- Jacob encuentra a Raquel: 29,1-30 -- Hijos de Jacob: 29,31-30,24 -- Jacob enga&#xF1;a a Lab&#xE1;n: 30,25-43 -- Huida y encuentro: 31,1-54 -- Regreso de Jacob a Palestina: 32,1-22 -- Jacob lucha con Dios: 32,23-33 -- Encuentro de Jacob con Esa&#xFA;: 33,1-20 -- El rapto de Dina: 34,1-31 -- Jacob en Betel: 35,1-29 -- Descendencia de Esa&#xFA;: 36,1-43 -- El ciclo patriarcal. Jos&#xE9;: 37-50 -- Introducci&#xF3;n. Jos&#xE9;: el so&#xF1;ador -- Comentario -- Los sue&#xF1;os y sus alcances: 37,1-36 -- Jud&#xE1; y Tamar: 38,1-30 -- Jos&#xE9; en casa de Potifar: 39,1-23 -- Los sue&#xF1;os de dos ministros: 40,1-23 -- Los sue&#xF1;os del fara&#xF3;n: 41,1-57 -- Primer encuentro de Jos&#xE9; con sus hermanos: 42,1-38 -- Segundo viaje a Egipto: 43,1-34 -- Jos&#xE9; se da a conocer: 45,1-28 -- Jacob viaja a Egipto: 46,1-34 -- Jacob en Egipto: 47,1-31 -- Efra&#xED;n y Manas&#xE9;s: 48,1-22 -- Bendici&#xF3;n a las tribus: 49,1-32 -- Sepultura de Jacob y muerte de Jos&#xE9;: 50,1-26.</subfield>
  </datafield>
  <datafield tag="526" ind1=" " ind2=" ">
    <subfield code="a">SEG42</subfield>
  </datafield>
  <datafield tag="526" ind1=" " ind2=" ">
    <subfield code="a">SEG41</subfield>
  </datafield>
  <datafield tag="526" ind1=" " ind2=" ">
    <subfield code="a">SEG40</subfield>
  </datafield>
  <datafield tag="526" ind1=" " ind2=" ">
    <subfield code="a">SEG39</subfield>
  </datafield>
  <datafield tag="526" ind1=" " ind2=" ">
    <subfield code="a">P94</subfield>
  </datafield>
  <datafield tag="526" ind1=" " ind2=" ">
    <subfield code="a">P87</subfield>
  </datafield>
  <datafield tag="526" ind1=" " ind2=" ">
    <subfield code="a">P86</subfield>
  </datafield>
  <datafield tag="526" ind1=" " ind2=" ">
    <subfield code="a">P85</subfield>
  </datafield>
  <datafield tag="526" ind1=" " ind2=" ">
    <subfield code="a">P77</subfield>
  </datafield>
  <datafield tag="526" ind1=" " ind2=" ">
    <subfield code="a">P76</subfield>
  </datafield>
  <datafield tag="526" ind1=" " ind2=" ">
    <subfield code="a">P35</subfield>
  </datafield>
  <datafield tag="630" ind1=" " ind2=" ">
    <subfield code="a">Biblia.</subfield>
    <subfield code="p">A.T.</subfield>
    <subfield code="x">Introducciones.</subfield>
  </datafield>
  <datafield tag="700" ind1="1" ind2=" ">
    <subfield code="a">Duarte Castillo, Ra&#xFA;l,</subfield>
    <subfield code="e">autor.</subfield>
  </datafield>
  <datafield tag="942" ind1=" " ind2=" ">
    <subfield code="2">ddc</subfield>
    <subfield code="c">BK</subfield>
  </datafield>
  <datafield tag="949" ind1=" " ind2=" ">
    <subfield code="a">222.11 V47</subfield>
    <subfield code="w">DEWEY</subfield>
    <subfield code="c">1</subfield>
    <subfield code="i">60319</subfield>
    <subfield code="d">2016-6-26</subfield>
    <subfield code="e">2016-6-23</subfield>
    <subfield code="l">CCODEBUL1</subfield>
    <subfield code="m">BUL</subfield>
    <subfield code="n">2</subfield>
    <subfield code="p">18.00</subfield>
    <subfield code="r">0</subfield>
    <subfield code="s">Y</subfield>
    <subfield code="t">BOOK</subfield>
    <subfield code="u">2015-7-6</subfield>
    <subfield code="x">TEOLOGIA</subfield>
    <subfield code="z">UNKNOWN</subfield>
    <subfield code="0">COMPRA</subfield>
    <subfield code="o">.STAFF. Colecci&#xF3;n General</subfield>
  </datafield>
  <datafield tag="999" ind1=" " ind2=" ">
    <subfield code="c">49780</subfield>
    <subfield code="d">49780</subfield>
  </datafield>
  <datafield tag="980" ind1=" " ind2=" ">
    <subfield code="8">1</subfield>
    <subfield code="g">ALBERTO SANCHEZ Responsable de Automatizaci&#xF3;n</subfield>
  </datafield>
  <datafield tag="952" ind1=" " ind2=" ">
    <subfield code="r">2025-12-02 00:00:00</subfield>
    <subfield code="i">6</subfield>
    <subfield code="l">8</subfield>
    <subfield code="o">220 BBB</subfield>
    <subfield code="p">60319</subfield>
    <subfield code="s">2023-05-04</subfield>
    <subfield code="t">e1</subfield>
    <subfield code="v">23.00</subfield>
    <subfield code="w">2015-07-06</subfield>
    <subfield code="x">FT</subfield>
    <subfield code="y">BK</subfield>
    <subfield code="z">inventario-2023-12-13</subfield>
    <subfield code="1">0</subfield>
    <subfield code="2">ddc</subfield>
    <subfield code="3">v3</subfield>
    <subfield code="5">0</subfield>
    <subfield code="7">0</subfield>
    <subfield code="8">GEN</subfield>
    <subfield code="f">P35</subfield>
    <subfield code="a">BUL</subfield>
    <subfield code="b">BUL</subfield>
    <subfield code="c">GEN</subfield>
    <subfield code="d">2015-07-06</subfield>
    <subfield code="e">COMPRA</subfield>
    <subfield code="g">18.00</subfield>
  </datafield>
</record>
